Normale Ansicht MARC-Ansicht ISBD

Die großen Streiks : (Titelsatznr. 42349)

[ MARC ]
MARC-Details
000 -Satzkennung
Kontrollfeld mit fester Länge 00756nam a22002411c 4500
001 - Kontrollnummer
Kontrollfeld 253028310
008 - Feld mit fester Länge zur physischen Beschreibung - Allgemeine Angaben
Kontrollfeld mit fester Länge 170227s1998 gw |||| 000u ger d
020 ## - Internationale Standardbuchnummer
Internationale Standardbuchnummer 3861083132
Verknüpfung 3-86108-313-2
041 ## - Sprachcode
Sprachcode des Textes/der Tonspur oder des separaten Titels ger
040 ## - Katalogisierungsquelle
Übertragungsstelle RU-10907106
003 - Kontrollnummer Identifier
Kontrollfeld RU-10907106
245 04 - Titel
Titel Die großen Streiks :
Zusatz zum Titel Neue Arbeiterbewegung, Systemwechsel und Gewerkschaften in Rußland ; Berichte, Analysen, Dokumente /
Verfasserangabe etc. Melanie Tatur (Hrsg.)
264 ## - Produktion, Veröffentlichung, Distribution, Herstellung und Urheberrechtsvermerk
Herstellungs-, Veröffentlichungs- Vertriebs-, Erzeugungsort Bremen :
Produzent, Herausgeber, Distributor, Hersteller Ed. Temmen,
Datum der Herstellung, der Veröffentlichung, des Vertriebs oder des Urheberschutzvermerks 1998
300 ## - Physische Beschreibung
Umfang 187 Seiten
490 #0 - Gesamttitelangabe
Gesamttitelangabe Dokumentationen zur Kultur und Gesellschaft im östlichen Europa
Bandnummer/Folgebezeichnung 4
650 #0 - Nebeneintragung unter einem Schlagwort - Sachschlagwort
Sachschlagwort oder geografischer Name als Eintragungselement Gewerkschaft
650 #0 - Nebeneintragung unter einem Schlagwort - Sachschlagwort
Sachschlagwort oder geografischer Name als Eintragungselement Streik
650 #0 - Nebeneintragung unter einem Schlagwort - Sachschlagwort
Sachschlagwort oder geografischer Name als Eintragungselement Arbeiter
651 #0 - Nebeneintragung unter einem Schlagwort - Geografischer Name
Geografischer Name Sowjetunion
655 #0 - Indexierungsterm - Genre/Form
Genre/Form oder fokussierter Term Quelle
700 1# - Nebeneintragung - Personenname
Personenname Tatur, Melanie
Funktionsbezeichnung HerausgeberIn
942 ## - Zusätzliche Felder (Koha)
Koha-Medientyp Monographien
Exemplare
Ausgeschieden Verloren Klassifikation oder Aufstellungssystematik Beschädigt Nicht entleihbar Heimatbibliothek Aufenthaltsbibliothek Aufstellungsort Erwerbungsdatum Inventarnummer Signatur Barcode Letzte Aktivität Preis gültig von Koha-Medientyp
    Andere/Generische Klassifikation     MWN Osteuropa MWN Osteuropa Magazin - 2 27/02/2017 17-02588 R 65 eg Tat E00401509E336825 23/02/2021 22/03/2021 Monographien